000 00873nam a22002535i 4500
001 176408
003 ES-MaACL
005 20230906220054.0
008 110113s1966 sp |||| | spa d
080 _a616.36
100 0 _aDarnis, François.
_9144726
245 1 4 _aLas consultas diarias en patología hepatobiliar /
_cpor F. Darnis, J. Dubrisay ; versión española de J. C. Rodríguez Ferrera.
250 _a1ª ed.
260 _aBarcelona :
_bToray-Masson,
_c1966.
300 _aXI, 264 p. ;
_c22 cm.
490 1 _aLas consultas diarias ;
_v12
500 _aÍndice.
650 0 4 _aHígado-
_xDiagnóstico de las enfermedades.
_913346
700 1 _aDubrisay, Jacques Georges.
_9144727
700 1 _aRodríguez Ferrera, J. C.
_9144710
830 0 _aLas consultas diarias ;
_v12
_9190025
852 _aES-MaACL
_jE-14041
_xOlim P-210-Ter
999 _c176408
_d176408